[Event "Valle Region-ch"]
[Site "Cali"]
[Date "2013.06.28"]
[Round "1.4"]
[White "Aristizabal, Jose Alirio"]
[Black "Orozco Lopez, Lina Yomayra"]
[Result "0-1"]
[WhiteElo "1600"]
[BlackElo "2152"]
[PlyCount "41"]
[EventDate "2013.06.28"]
[EventType "swiss"]
[EventRounds "5"]
[EventCountry "COL"]
[SourceTitle "EXT 2024"]
[Source "ChessBase"]
[SourceDate "2023.10.10"]
[SourceVersion "1"]
[SourceVersionDate "2023.10.10"]
[SourceQuality "1"]

1. d4 Nf6 2. e3 b6 3. c4 c5 4. d5 d6 5. Nc3 g6 6. h3 Bg7 7. Bd3 0-0 8. Nf3 e6 9. 0-0 exd5 10. cxd5 a6 11. e4 b5 12. b3 b4 13. Na4 Nxe4 14. Bb2 Bxb2 15. Nxb2 Nc3 16. Qc2 Bb7 17. Bc4 Nd7 18. Qd3 Nb6 19. Qd2 Qf6 20. Nd1 Nbxd5 21. Be2 0-1